000 00335nam a2200157Ia 4500
100 _aJangam/U.B./ Patil/ K.P.
490 _v2
942 _cBK
654 _amathematics III
245 _aApplied Mathematics-III
260 _bNandu Pub
_aPune
_c1999
082 _a519
_bJAN/KUM
300 _a212
546 _aENGLISH
999 _c29980
_d29980